Najdłuższe lewe dopływy Wisły - Statystyki

Ogólne statystyki
  • Ten quiz został rozwiązany 28 razy
  • Średni wynik to 5 z 8
Statystyki odpowiedzi
Długość Rzeka % Poprawnych
319 km Pilica
95%
166 km Bzura
79%
238 km Brda
74%
151 km Nida
63%
198 km Wda
63%
138 km Kamienna
47%
115 km Radomka
42%
151 km Wierzyca
37%
Nie znaleziono quizów pasujących do podanych kryteriów
Rozkład punktacji
Procent ludzi z każdym wynikiem
Percentyl według liczby udzielonych odpowiedzi
Twoja historia wyników
Nie rozwiązałeś tego quizu